| 000 | 00825nam a22001577a 4500 | ||
|---|---|---|---|
| 003 | OSt | ||
| 005 | 20151024141620.0 | ||
| 008 | 151024b xxu||||| |||| 00| 0 eng d | ||
| 040 | _cRUA | ||
| 082 | _aAVM VON 2012 B102 Or.1 | ||
| 100 |
_92787 _aVONG, PISEY. |
||
| 245 | _aRaising dairy cattle of farmers in the cambodian dairy cattle association in koh krobey village sangkat prek thmey khan meanchey phnom penh, ការចិញ្ចឹមគោទឹកដោះរបស់កសិករ នៅសមាគមន៍គោទឹកដោះកម្ពុជានៅភូមិ កោះក្របី សង្កាត់ព្រែកថ្មី ខណ្ឌមានជ័យ រាជធានីភ្នំពេញ | ||
| 260 |
_aPhnom Penh _bRUA _c2012 |
||
| 300 |
_axii; 63p. _bill. _c29cm. |
||
| 942 |
_2ddc _cAVM |
||
| 999 |
_c2607 _d2607 |
||